|
|
|
|
| LEADER |
00000nab a2200000uu 4500 |
| 001 |
vtls011145337 |
| 003 |
SK-MaSNL |
| 005 |
20260430134002.0 |
| 008 |
230222|1995 xo |||||||||||||||||slo| |
| 015 |
|
|
|a SNBRB
|
| 035 |
|
|
|a (urnnbn)urn:nbn:sk:snk:ar-008iv7
|
| 035 |
|
|
|a (uuid)5c6af0ba-1690-435b-a109-627fd0e76456
|
| 035 |
|
|
|a urn:nbn:sk:snk-abaw5m
|
| 040 |
|
|
|a SNKBUCL
|b slo
|c SNKBUCL
|e AACR2
|
| 041 |
0 |
|
|a slo
|
| 044 |
|
|
|a xo
|c SK
|
| 100 |
1 |
|
|a Šima, Pavel,
|d 1931-2023
|4 aut
|9 104724
|
| 245 |
1 |
0 |
|a STARORUSKÉ GRAFICKO-FONETICKÉ ALTERNANTY
|c Pavel Šima
|
| 773 |
0 |
|
|t Zborník Filozofickej fakulty Univerzity Komenského
|g Roč. 44, č. 1 (1995), s. 91-95
|
| 954 |
|
|
|a odborná, vedecká literatúra pôvodná (slovenská)
|2 lita
|
| 958 |
|
|
|a OND
|
| 958 |
|
|
|a EUIPO
|
| 958 |
|
|
|a article14
|
| 999 |
|
|
|c 2005170
|d 2007100
|